Indo-Afghan Diplomacy: (Record no. 188298)

MARC details
000 -LEADER
fixed length control field 00601nam a22001817a 4500
005 - DATE AND TIME OF LATEST TRANSACTION
control field 20220713105503.0
010 ## - LCCN (DPL NO)
LC control number ENG-132653
020 ## - INTERNATIONAL STANDARD BOOK NUMBER
International Standard Book Number 9789382281344
Terms of availability 550.00
035 ## - SYSTEM CONTROL NUMBER
System control number EN-116185
037 ## - SOURCE OF ACQUISITION
Source of stock number/acquisition DBAD/PUB
082 ## - DEWEY DECIMAL CLASSIFICATION NUMBER
Classification number 327.54058104
100 ## - MAIN ENTRY--PERSONAL NAME
Personal name Raja, M. Waseem
245 ## - TITLE STATEMENT
Title Indo-Afghan Diplomacy:
Remainder of title A British India Colonial Perspective/
Statement of responsibility, etc M. Waseem Raja
260 ## - PUBLICATION, DISTRIBUTION, ETC. (IMPRINT)
Place of publication, distribution, etc New Delhi
Name of publisher, distributor, etc Raj Publications
Date of publication, distribution, etc 2015
270 ## - ADDRESS
City New Delhi
Address 108, 4855/24, Ansari Road
Postal code 110009
Electronic mail address rajpublications@yahoo.co.in
300 ## - PHYSICAL DESCRIPTION
Extent 198p.
Other physical details Index
Dimensions 22cm(hbk)
942 ## - ADDED ENTRY ELEMENTS (KOHA)
Source of classification or shelving scheme Dewey Decimal Classification
Item type English Books
Classification part 327.54058104
Call number suffix RAJ
Holdings
Withdrawn status Lost status Not for loan Collection code Home library Current library Date acquired Source of acquisition Cost, normal purchase price Full call number Barcode Copy number Cost, replacement price Koha item type
      Non-fiction Patel Nagar Patel Nagar 17/05/2022 DBAD/PUB 550.00 327.54058104 RAJ EN-116185 1 550.00 English Books

© Delhi Public Library
Hit Counter
free hit counter